000
00250nam a2200097Ia 4500
082
_a
721.0441 DERN
245
0
_a
Stone architecture
100
_a
DERNIE, David London, 2009
_9
76127
942
_c
BK
008
210817s9999 xx 000 0 und d
999
_c
252627
_d
252626